Mĩ thuật và phương pháp dạy học Giáo trình đào tạo giáo viên tiểu học cao đẳng sư phạm và sư phạm 12+2

সংরক্ষণ করুন:
গ্রন্থ-পঞ্জীর বিবরন
প্রধান লেখক: Trịnh Thiệp
অন্যান্য লেখক: Ưng Thị Châu
বিন্যাস: গ্রন্থ
প্রকাশিত: H. Giáo Dục 1997
সংস্করন:tái bản lần thứ 5
মালা:Đầu bìa sách ghi: Bộ GD và ĐT.Vụ Giáo viên
বিষয়গুলি:
ট্যাগগুলো: ট্যাগ যুক্ত করুন
কোনো ট্যাগ নেই, প্রথমজন হিসাবে ট্যাগ করুন!
Thư viện lưu trữ: Trung tâm Học liệu Lê Vũ Hùng, Trường Đại học Đồng Tháp
LEADER 01108pam a22003018a 4500
001 00024323
005 20171026081023.0
008 110717s1997 ||||||Viesd
020 |c 14300 
041 0 # |a Vie 
082 1 # |a 707  |b M300TH 
100 0 # |a Trịnh Thiệp 
245 0 0 |a Mĩ thuật và phương pháp dạy học  |b Giáo trình đào tạo giáo viên tiểu học cao đẳng sư phạm và sư phạm 12+2  |c Trịnh Thiệp,Ưng Thị Châu 
250 # # |a tái bản lần thứ 5  |b có chỉnh lí 
260 # # |a H.  |b Giáo Dục  |c 1997 
300 # # |a 184tr  |c 21 cm. 
490 0 # |a Đầu bìa sách ghi: Bộ GD và ĐT.Vụ Giáo viên 
653 # # |a Mĩ thuật 
653 # # |a Tiểu học 
653 # # |a Phương pháp dạy học 
700 0 # |a Ưng Thị Châu 
852 # # |b Kho giáo trình  |j KGT.0013151, KGT.0013152 
852 # # |b Kho mượn  |j KGT.0013151 
852 # # |j KGT.0013151  |j KGT.0013152 
910 # # |d 17/07/2011 
980 # # |a Trung tâm Học liệu Lê Vũ Hùng, Trường Đại học Đồng Tháp